| 000 | 00960nam a2200277 i 4500 | ||
|---|---|---|---|
| 001 | bgj | ||
| 100 | 1 | _aMCROBBIE, Angela | |
| 245 | 1 | 0 |
_aFeminism and youth culture : _bfrom "Jackie" to "Just seventeen" / _cAngela McRobbie. |
| 260 |
_aHoundmills ; Basingstoke ; Hampshire : _bMacmillan Press Ltd., _c1991. |
||
| 300 |
_aXX, 255 pp ; _c22 cm. |
||
| 490 | 1 | _aYouth Questions / Edited by Philip Cohen and Angela McRobbie | |
| 505 | _aIncludes bibliographical references and index. | ||
| 650 | 9 | _aWomen's periodical, English | |
| 651 | 9 |
_aGreat Britain _xSocial condition |
|
| 651 | 9 |
_aGreat Britain _xSocial condition |
|
| 651 | 9 |
_aGreat Britain _xSocial condition |
|
| 651 | 9 | _aGreat Britain | |
| 651 | 9 | _aGreat Britain | |
| 830 | 0 | _aYouth Questions (Edited by Philip Cohen and Angela McRobbie) | |
| 020 | _a033345264X | ||
| 040 | _cBPK | ||
| 041 | 0 | _aeng | |
| 920 | _a0-333-45264-X | ||
| 942 | _cKS | ||
| 008 | s uk f |000 0 eng | ||
| 999 |
_c49259 _d49259 |
||